| 000 | 00363nam a2200157Ia 4500 | ||
|---|---|---|---|
| 008 | 230312s9999||||xx |||||||||||||| ||und|| | ||
| 020 | _a81-203-2799-3 | ||
| 082 |
_a658.8 _bKOT-M |
||
| 100 | _aKotler, Philip | ||
| 245 | 0 | _aMarketing Management | |
| 260 |
_bPHI _aNew Delhi _c2006 |
||
| 300 | _a120 | ||
| 546 | _aEng. | ||
| 650 |
_aManagement _vmemo |
||
| 942 | _cBK | ||
| 999 |
_c8155 _d8155 |
||